Statistics for Monarchs of New Zealand

Click here to take the quiz!

General Stats

  • This quiz has been taken 250 times
    (22 since last reset)
  • The average score is 7 of 7

Answer Stats

Answer% Correct
King Charles III
100%
Queen Elizabeth II
100%
King Edward VIII
95%
Queen Victoria
95%
King Edward VII
90%
King George V
90%
King George VI
90%

Score Distribution

Percentile by Number Answered

Percent of People with Each Score

Your Score History

You have not taken this quiz since the last reset